000 00337nam a22001337a 4500
008 180827b xxu||||| |||| 00| 0 eng d
020 _a2900077221347
041 _aeng
080 _26 ED
_a541
100 _a12
101 _aKIM
245 _aCHEMISTRY IN CONTEXT APPLYING CHEMISTRY TO SOCIETY
_cMIDDLECAMP.C.H
942 _2udc
_cBK
999 _c47350
_d47350